000 02334cam a22004458i 4500
001 ocn858900268
003 OCoLC
005 20241220140948.0
008 140128s2014 nyuab j b6 000 1 eng
010 _a 2013049048
040 _aDLC
_beng
_erda
_cDLC
_dBTCTA
_dBDX
_dOCLCO
_dIH7
_dJAI
_dUINTA
020 _a9781419708084 (hardback)
020 _a1419708082 (hardback)
035 _a(OCoLC)858900268
042 _apcc
050 0 0 _aD522.7
_b.H325 2014
082 0 0 _a940.3
_223
049 _aUCLB
100 1 _aHale, Nathan,
_d1976-
_95768441
245 1 0 _aTreaties, trenches, mud, and blood /
_cby Nathan Hale and Chad W. Beckerman.
264 1 _aNew York :
_bAmulet Books,
_c2014.
300 _a124 pages :
_bcolor illustrations, color maps ;
_c20 cm.
336 _atext
336 _astill image
337 _aunmediated
338 _avolume
490 1 _aNathan Hale's hazardous tales
500 _a"A World War I tale"--Cover.
504 _aIncludes bibliographical references.
520 _a"World War I set the tone for the 20th century and introduced a new type of warfare: global, mechanical, and brutal. Nathan Hale has gathered some of the most fascinating true-life tales from the war and given them his inimitable Hazardous Tales twist. Easy to understand, funny, informative, and lively, this series is the best way to be introduced to some of the most well-known battles (and little-known secrets) of the infamous war"--
_cProvided by publisher.
520 _a"World War I introduced a new type of warfare: mechanized war on a global scale. Nathan Hale (the author's real name), whose previous graphic histories for young readers include "One Dead Spy" (about the American hero Nathan Hale), "Big Bad Ironclad" (about the American Civil War), and "Donner Dinner Party" (about the Donner Party of 1846-47), here offers a concise illustrated history of WWI"--
_cProvided by publisher.
650 0 _aWorld War, 1914-1918
_vComic books, strips, etc.
_vJuvenile fiction.
_96518515
655 0 _aGraphic novels.
_96272779
800 1 _aHale, Nathan,
_d1976-
_tNathan Hale's hazardous tales.
_95922782
938 _aBaker and Taylor
_bBTCP
_nBK0013828843
938 _aBrodart
_bBROD
_n106758004
994 _aC0
_bUINTA
998 _aa186710
999 _c110894
_d110894
942 0 0 _010